[Event "Verbandsliga Nordbaden 1819"]
[Site "Baden"]
[Date "2019.03.31"]
[Round "8.5"]
[White "Reichstein, Hans Joerg"]
[Black "Pfrommer, Christoph"]
[Result "1/2-1/2"]
[WhiteElo "2046"]
[BlackElo "2296"]
[PlyCount "155"]
[EventDate "2018.10.14"]
[EventType "team-tourn"]
[EventRounds "9"]
[EventCountry "GER"]
[SourceTitle "EXT 2020"]
[Source "ChessBase"]
[SourceDate "2019.10.17"]
[SourceVersion "1"]
[SourceVersionDate "2019.10.17"]
[SourceQuality "1"]
[WhiteTeam "Heidelberg"]
[BlackTeam "Karlsruhe"]
[WhiteTeamCountry "GER"]
[BlackTeamCountry "GER"]

1. e4 c6 2. d4 d5 3. Nc3 dxe4 4. Nxe4 Bf5 5. Ng3 Bg6 6. Nf3 Nf6 7. Ne5 Nbd7 8. Nxg6 hxg6 9. Be2 e6 10. Qd3 Bb4+ 11. Bd2 Qa5 12. a3 Bxd2+ 13. Qxd2 Qxd2+ 14. Kxd2 Rh4 15. c3 e5 16. dxe5 Nxe5 17. h3 0-0-0+ 18. Kc2 Rf4 19. Rhf1 g5 20. Rae1 Kc7 21. b3 Ne4 22. Nxe4 Rxe4 23. Bd1 Rxe1 24. Rxe1 f6 25. Re3 a5 26. Be2 Rh8 27. Bd3 Rh4 28. Re4 Rxe4 29. Bxe4 Kd6 30. g3 Nd7 31. b4 axb4 32. axb4 b6 33. Bf5 Ne5 34. Be4 c5 35. Bg2 Nd7 36. Kd3 Ne5+ 37. Ke4 cxb4 38. cxb4 Nc6 39. b5 Ne7 40. Kd4 Nf5+ 41. Kc4 Ke5 42. Bc6 Nd6+ 43. Kd3 Nc8 44. Bd7 Nd6 45. Bc6 f5 46. h4 f4 47. hxg5 fxg3 48. fxg3 Nf5 49. g4 Nd6 50. Ke3 Nf7 51. g6 Nd6 52. Bd7 Ne4 53. Bc6 Nf6 54. g5 Nh5 55. Be8 Nf4 56. Bf7 Nh3 57. Be8 Nxg5 58. Bc6 Ne6 59. Bd7 Nf4 60. Be8 Nd5+ 61. Kd3 Ne7 62. Bf7 Nc8 63. Be8 Na7 64. Kc4 Nc8 65. Bc6 Nd6+ 66. Kd3 Nf5 67. Bd7 Nh4 68. Be8 Nf3 69. Ke3 Nd4 70. Bd7 Nb3 71. Bc6 Nc5 72. Be8 Kf6 73. Kd4 Ne6+ 74. Ke4 Nc7 75. Bd7 Kxg6 76. Ke5 Kh5 77. Kd6 Nxb5+ 78. Bxb5 1/2-1/2

[Event "Verbandsliga Nordbaden 1617"]
[Site "Baden"]
[Date "2017.04.02"]
[Round "8.6"]
[White "Bitsch, Torsten"]
[Black "Reichstein, Hans Joerg"]
[Result "0-1"]
[WhiteElo "2015"]
[BlackElo "2097"]
[PlyCount "63"]
[EventDate "2016.10.09"]
[EventType "team-tourn"]
[EventRounds "9"]
[EventCountry "GER"]
[SourceTitle "EXT 2022"]
[Source "ChessBase"]
[SourceDate "2021.10.06"]
[SourceVersion "1"]
[SourceVersionDate "2021.10.06"]
[SourceQuality "1"]
[WhiteTeam "Viernheim II"]
[BlackTeam "Heidelberg"]
[WhiteTeamCountry "GER"]
[BlackTeamCountry "GER"]

1. d4 Nf6 2. c4 e6 3. Nc3 Bb4 4. Qc2 c5 5. dxc5 0-0 6. Nf3 Bxc5 7. Bg5 Be7 8. e3 Nc6 9. Be2 d5 10. 0-0 dxc4 11. Bxc4 a6 12. Be2 b5 13. a3 Bb7 14. Rac1 Rc8 15. Qb1 Qb6 16. b4 Rfd8 17. Rfd1 Rxd1+ 18. Bxd1 h6 19. Bh4 a5 20. Be2 axb4 21. axb4 Ba6 22. Bxf6 gxf6 23. Na2 f5 24. h3 Bf6 25. e4 f4 26. Rd1 Nd4 27. Nxd4 Bxd4 28. Rf1 Bb7 29. Bd3 e5 30. Qd1 Rc6 31. Qe2 Rg6 32. Kh1 0-1

[Event "Arber op Seniors 4th"]
[Site "Bodenmais"]
[Date "2016.08.02"]
[Round "4"]
[White "Reichstein, Hans Joerg"]
[Black "Zerweck, Christoph"]
[Result "1-0"]
[WhiteElo "2096"]
[BlackElo "1902"]
[PlyCount "99"]
[EventDate "2016.07.30"]
[EventType "swiss"]
[EventRounds "9"]
[EventCountry "GER"]
[SourceTitle "EXT 2017"]
[Source "ChessBase"]
[SourceDate "2016.10.25"]
[SourceVersion "1"]
[SourceVersionDate "2016.10.25"]
[SourceQuality "1"]

1. e4 c5 2. Nc3 Nc6 3. f4 g6 4. Nf3 Bg7 5. Bb5 e6 6. 0-0 Nge7 7. d3 0-0 8. Bxc6 Nxc6 9. f5 exf5 10. exf5 d5 11. fxg6 fxg6 12. Bg5 Qd6 13. Nb5 Qd7 14. c3 a6 15. Na3 Qd6 16. Nd2 Bf5 17. Nb3 b6 18. Bf4 Qd7 19. d4 c4 20. Nd2 Rae8 21. Bg3 b5 22. Nc2 Bh6 23. Kh1 Re7 24. Bh4 Ref7 25. Nf3 Bg4 26. Qe2 Bxf3 27. Rxf3 Rxf3 28. gxf3 Re8 29. Qg2 Qf5 30. Re1 Rxe1+ 31. Nxe1 b4 32. Qe2 Qf7 33. Kg2 Bf8 34. Nc2 bxc3 35. bxc3 Ne7 36. Bxe7 Bxe7 37. Qe5 Qf6 38. Qxf6 Bxf6 39. Ne3 Bg5 40. Nxd5 Bd2 41. Kf2 Kg7 42. Ke2 Bg5 43. Nb6 Kh6 44. Nxc4 Kh5 45. Nd6 Kh4 46. Ne8 Kh3 47. c4 Kxh2 48. c5 h5 49. c6 Bf4 50. d5 1-0

[Event "Wuertemberg-ch Seniors 27th"]
[Site "Freudenstadt"]
[Date "2015.07.08"]
[Round "6"]
[White "Reichstein, Hans Joerg"]
[Black "Schwertel, Johann"]
[Result "1/2-1/2"]
[WhiteElo "2080"]
[BlackElo "2002"]
[PlyCount "34"]
[EventDate "2015.07.03"]
[EventType "swiss"]
[EventRounds "9"]
[EventCountry "GER"]
[SourceTitle "EXT 2016"]
[Source "ChessBase"]
[SourceDate "2015.10.08"]
[SourceVersion "1"]
[SourceVersionDate "2015.10.08"]
[SourceQuality "1"]

1. e4 c6 2. d4 d5 3. e5 Bf5 4. Be3 e6 5. Nd2 Nd7 6. g4 Bg6 7. Ne2 h5 8. Nf4 Ne7 9. Nxg6 Nxg6 10. g5 Ne7 11. g6 Nxg6 12. Rg1 Ne7 13. Bg5 Qb6 14. Bxe7 Bxe7 15. Nb3 c5 16. dxc5 Nxc5 17. Nxc5 Bxc5 1/2-1/2

[Event "Wuertemberg-ch Seniors 27th"]
[Site "Freudenstadt"]
[Date "2015.07.07"]
[Round "5"]
[White "Abel, Hans Peter"]
[Black "Reichstein, Hans Joerg"]
[Result "0-1"]
[WhiteElo "1968"]
[BlackElo "2080"]
[PlyCount "52"]
[EventDate "2015.07.03"]
[EventType "swiss"]
[EventRounds "9"]
[EventCountry "GER"]
[SourceTitle "EXT 2016"]
[Source "ChessBase"]
[SourceDate "2015.10.08"]
[SourceVersion "1"]
[SourceVersionDate "2015.10.08"]
[SourceQuality "1"]

1. c4 Nf6 2. Nf3 c6 3. g3 d5 4. cxd5 cxd5 5. d4 Nc6 6. Bg2 g6 7. Nc3 Bg7 8. 0-0 0-0 9. e3 Bf5 10. a3 Rc8 11. Nh4 Be6 12. f4 Qd7 13. Nf3 Bg4 14. Qd3 Bxf3 15. Bxf3 e6 16. Bd2 Rfd8 17. Rac1 Ne8 18. Nb1 Nd6 19. Bc3 b5 20. Nd2 f5 21. Nb3 Nc4 22. Nc5 Qe8 23. Kf2 a5 24. Rb1 b4 25. axb4 axb4 26. Be1 Nxe3 0-1

[Event "Wuertemberg-ch Seniors 27th"]
[Site "Freudenstadt"]
[Date "2015.07.06"]
[Round "4"]
[White "Reichstein, Hans Joerg"]
[Black "Hess, Christian"]
[Result "0-1"]
[WhiteElo "2080"]
[BlackElo "2203"]
[PlyCount "106"]
[EventDate "2015.07.03"]
[EventType "swiss"]
[EventRounds "9"]
[EventCountry "GER"]
[SourceTitle "EXT 2016"]
[Source "ChessBase"]
[SourceDate "2015.10.08"]
[SourceVersion "1"]
[SourceVersionDate "2015.10.08"]
[SourceQuality "1"]

1. e4 c5 2. Nf3 e6 3. d4 cxd4 4. Nxd4 Nc6 5. Nc3 a6 6. Be3 Nf6 7. a3 Qc7 8. Be2 Be7 9. 0-0 0-0 10. f4 d6 11. Nb3 b5 12. Bf3 Bb7 13. g4 Na5 14. Nxa5 Qxa5 15. Qe2 Qc7 16. Rad1 Bc6 17. Qf2 Rab8 18. g5 Nd7 19. Kh1 b4 20. axb4 Rxb4 21. b3 Bb7 22. Bd2 a5 23. Rfe1 Nc5 24. Qg2 f6 25. Na4 Rd4 26. Nxc5 dxc5 27. gxf6 Bxf6 28. Be3 Rxd1 29. Rxd1 c4 30. Qh3 Qc6 31. bxc4 Qxc4 32. Rd2 Bxe4 33. Bxe4 Qxe4+ 34. Kg1 Rb8 35. Rd7 h6 36. Kf2 Rc8 37. Qf3 Qxf3+ 38. Kxf3 a4 39. Bd4 Bxd4 40. Rxd4 Ra8 41. Ke3 a3 42. Rd1 a2 43. Ra1 Kf7 44. Kd4 Kf6 45. Kc3 Kf5 46. Kb2 Kxf4 47. Rxa2 Rxa2+ 48. Kxa2 e5 49. c4 Ke4 50. Kb3 Kd4 51. Kb4 e4 52. c5 e3 53. c6 e2 0-1

[Event "Baden-ch Seniors"]
[Site "Waldshut Tiengen"]
[Date "2014.06.19"]
[Round "7"]
[White "Reichstein, Hans Joerg"]
[Black "Hurst, Peter"]
[Result "1-0"]
[WhiteElo "2072"]
[BlackElo "2170"]
[PlyCount "173"]
[EventDate "2014.06.14"]
[EventType "swiss"]
[EventRounds "9"]
[EventCountry "GER"]
[SourceTitle "EXT 2015"]
[Source "ChessBase"]
[SourceDate "2014.11.20"]
[SourceVersion "1"]
[SourceVersionDate "2014.11.20"]
[SourceQuality "1"]

1. d4 d5 2. c4 e6 3. Nf3 c6 4. Nc3 f5 5. Bf4 Nf6 6. e3 Be7 7. Bd3 0-0 8. h3 Ne4 9. 0-0 b6 10. Ne5 Bb7 11. f3 Nd6 12. cxd5 cxd5 13. Rc1 Nd7 14. Qa4 Nxe5 15. Bxe5 a6 16. Qb3 b5 17. Rfe1 Nc4 18. Bxc4 dxc4 19. Qc2 Rc8 20. a3 Bd6 21. Qf2 Bxe5 22. dxe5 Rf7 23. Rcd1 Rd7 24. Rxd7 Qxd7 25. Rd1 Qe7 26. Qd2 Bc6 27. Qd6 Kf7 28. e4 g6 29. Qxe7+ Kxe7 30. Rd6 fxe4 31. fxe4 a5 32. Ne2 b4 33. Nd4 Bd7 34. axb4 axb4 35. Rb6 c3 36. Rxb4 c2 37. Nxc2 Rxc2 38. Kh2 Rc5 39. Kg3 Rxe5 40. Kf4 Ra5 41. e5 Ra4 42. Rxa4 Bxa4 43. Kg5 Kf7 44. Kh6 Kg8 45. g3 Bb3 46. h4 Bd1 47. b4 Be2 48. Kg5 Kg7 49. Kf4 h6 50. g4 Kf7 51. g5 h5 52. Ke3 Bf1 53. Kd4 Ke7 54. Kc5 Kd7 55. Kb6 Kc8 56. Kc6 Kb8 57. Kb6 Bg2 58. Kc5 Kc7 59. Kb5 Bf3 60. Kc5 Be2 61. b5 Bd3 62. b6+ Kb7 63. Kd6 Bf5 64. Kc5 Bg4 65. Kb5 Bf3 66. Kc5 Bd5 67. Kb5 Ba2 68. Kc5 Bb3 69. Kb5 Bd1 70. Kc5 Bc2 71. Kd6 Kxb6 72. Kxe6 Bd3 73. Kf6 Kb7 74. Kf7 Bc4+ 75. Ke8 Bb5+ 76. Kd8 Bc4 77. Kd7 Bb3 78. Ke7 Kc7 79. Kf6 Kd8 80. Kxg6 Ke7 81. Kxh5 Ke6 82. g6 Kxe5 83. Kg5 Ke6 84. h5 Ke7 85. h6 Kf8 86. Kf6 Bc4 87. h7 1-0

[Event "FRA-chT1B 0708"]
[Site "France"]
[Date "2008.04.05"]
[Round "10.6"]
[White "Barret, Simon"]
[Black "Reichstein, Hans Joerg"]
[Result "1/2-1/2"]
[WhiteElo "2133"]
[BlackElo "2082"]
[PlyCount "94"]
[EventDate "2007.10.21"]
[EventType "team"]
[EventRounds "11"]
[EventCountry "FRA"]
[SourceTitle "EXT 2009"]
[Source "ChessBase"]
[SourceDate "2008.11.26"]
[SourceVersion "1"]
[SourceVersionDate "2008.11.26"]
[SourceQuality "1"]
[WhiteTeam "Avignon"]
[BlackTeam "Gambsheim"]
[WhiteTeamCountry "FRA"]
[BlackTeamCountry "FRA"]

1. e4 e5 2. Nf3 d6 3. d4 Nf6 4. dxe5 Nxe4 5. Nbd2 Nxd2 6. Qxd2 Nc6 7. Bc4 Be7 8. exd6 Qxd6 9. Qxd6 Bxd6 10. Be3 0-0 11. 0-0 Bg4 12. Nd4 Nxd4 13. Bxd4 Rad8 14. c3 c5 15. Be3 Rfe8 16. Rfe1 h6 17. a4 Be6 18. Bxe6 Rxe6 19. Red1 Rde8 20. g3 Rc8 21. Rd5 b6 22. Rad1 Rc6 23. c4 g5 24. b3 Kh7 25. Kg2 Kg6 26. g4 a6 27. h4 f6 28. h5+ Kf7 29. a5 b5 30. cxb5 axb5 31. Rc1 Re5 32. Rxe5 fxe5 33. Kf3 Ke6 34. Ke4 Be7 35. a6 Rxa6 36. Bxc5 Bd6 37. Bxd6 Rxd6 38. Rc5 Rd4+ 39. Ke3 Rxg4 40. Rxb5 Rh4 41. Rb6+ Kf5 42. Rxh6 Rh3+ 43. Ke2 Rxb3 44. Rh8 Rh3 45. h6 Kg6 46. Rg8+ Kf5 47. Rh8 Kg6 1/2-1/2

[Event "RLP-ch MTB 26th"]
[Site "Ludwigshafen"]
[Date "2007.07.14"]
[Round "2"]
[White "Reichstein, Hans Joerg"]
[Black "Sievers, Andy"]
[Result "1-0"]
[WhiteElo "2098"]
[BlackElo "1799"]
[PlyCount "103"]
[EventDate "2007.07.13"]
[EventType "swiss"]
[EventRounds "7"]
[EventCountry "GER"]
[SourceTitle "EXT 2009"]
[Source "ChessBase"]
[SourceDate "2008.11.26"]
[SourceVersion "1"]
[SourceVersionDate "2008.11.26"]
[SourceQuality "1"]

1. e4 c5 2. Nf3 Nc6 3. d4 cxd4 4. Nxd4 Nf6 5. Nc3 d6 6. Bc4 g6 7. Nxc6 bxc6 8. e5 Ng4 9. e6 Ne5 10. exf7+ Nxf7 11. 0-0 d5 12. Nxd5 Nd6 13. Ne3 Nxc4 14. Qxd8+ Kxd8 15. Nxc4 Bb7 16. Ne5 Kc8 17. Re1 Rg8 18. Be3 Bg7 19. Bc5 Kc7 20. Nc4 Rge8 21. Bxe7 Ba6 22. Bd6+ Kb7 23. Be5 Bxc4 24. Bxg7 Rad8 25. b3 Be6 26. Bh6 Bf5 27. c4 Bc2 28. Be3 Rd7 29. Rac1 Bf5 30. f3 Rd3 31. Kf2 h5 32. Bg5 Rxe1 33. Rxe1 Rd7 34. h3 h4 35. Re2 Rd1 36. Bxh4 Bd3 37. Re7+ Kb6 38. Rd7 Rf1+ 39. Ke3 Bf5 40. Bd8+ Ka6 41. Rd6 Kb7 42. g4 Bb1 43. Rd2 Rc1 44. h4 Rc2 45. Rxc2 Bxc2 46. Kf4 Kc8 47. Bf6 Kd7 48. Kg5 Ke6 49. f4 Bb1 50. b4 Bxa2 51. Kxg6 Bxc4 52. f5+ 1-0

[Event "Oberliga Baden 0203"]
[Site "Germany"]
[Date "2003.03.30"]
[Round "9.1"]
[White "Schuh, Hubert"]
[Black "Reichstein, Hans Joerg"]
[Result "1/2-1/2"]
[WhiteElo "2326"]
[BlackElo "2091"]
[PlyCount "80"]
[EventDate "2002.10.20"]
[EventType "team-tourn"]
[EventRounds "9"]
[EventCountry "GER"]
[SourceTitle "EXT 2018"]
[Source "ChessBase"]
[SourceDate "2017.10.13"]
[SourceVersion "1"]
[SourceVersionDate "2017.10.13"]
[SourceQuality "1"]
[WhiteTeam "Kuppenheim"]
[BlackTeam "Heidelberg II"]
[WhiteTeamCountry "GER"]
[BlackTeamCountry "GER"]

1. d4 Nf6 2. Nf3 g6 3. c4 Bg7 4. Nc3 d5 5. Bf4 c5 6. dxc5 Qa5 7. Rc1 dxc4 8. e3 Qxc5 9. Qa4+ Nc6 10. Bxc4 0-0 11. 0-0 Bg4 12. Ng5 e5 13. Bg3 Qe7 14. Bh4 Qb4 15. Qxb4 Nxb4 16. a3 Nc6 17. h3 Bc8 18. Rfd1 h6 19. Nge4 g5 20. Nxf6+ Bxf6 21. Bg3 Bf5 22. Nd5 Kg7 23. Bb5 Rfd8 24. Nxf6 Kxf6 25. Bxc6 bxc6 26. Rxc6+ Be6 27. Rxd8 Rxd8 28. e4 Rd1+ 29. Kh2 Rd2 30. b4 h5 31. h4 gxh4 32. Bxh4+ Kg6 33. Bg3 Rd4 34. f3 Rd2 35. Bxe5 h4 36. f4 Kh5 37. f5 Ba2 38. Bg7 Bb1 39. Bc3 Rxg2+ 40. Kxg2 Bxe4+ 1/2-1/2

[Event "Baden-ch"]
[Site "Leimen"]
[Date "2001.04.20"]
[Round "8"]
[White "Baeuschlein, Andreas"]
[Black "Reichstein, Hans Joerg"]
[Result "1-0"]
[WhiteElo "2146"]
[BlackElo "2188"]
[PlyCount "84"]
[EventDate "2001.04.13"]
[EventType "swiss"]
[EventRounds "9"]
[EventCountry "GER"]
[SourceTitle "CBM 082 Extra"]
[Source "ChessBase"]
[SourceDate "2001.07.03"]
[SourceVersion "1"]
[SourceVersionDate "2001.07.03"]
[SourceQuality "1"]

1. e4 c5 2. Nf3 d6 3. d3 Nc6 4. c3 g6 5. g3 Bg7 6. Bg2 Nf6 7. 0-0 0-0 8. Re1 e5 9. Nbd2 h6 10. Nf1 Re8 11. h3 Rb8 12. Be3 b6 13. Qc2 Qc7 14. Rad1 Bb7 15. g4 Rbc8 16. Ng3 d5 17. Qc1 Kh7 18. g5 dxe4 19. gxf6 exf3 20. fxg7 fxg2 21. Ne4 h5 22. Bh6 Qe7 23. Bg5 Qe6 24. Bf6 Qf5 25. g8Q+ Rxg8 26. Ng5+ Qxg5 27. Qxg5 Rge8 28. Re4 Re6 29. Rh4 Rxf6 30. Qxf6 Kg8 31. Re1 Re8 32. Re3 Re6 33. Qg5 Ne7 34. Rhe4 f6 35. Qh6 Kf7 36. Qh7+ Ke8 37. f3 Kd7 38. d4 cxd4 39. cxd4 Bxe4 40. Rxe4 Rc6 41. dxe5 f5 42. Rd4+ Ke6 1-0